LIBRARY & INFORMATION CENTRE, KCAET, TAVANUR

ONLINE PUBLIC ACCESS CATALOGUE (OPAC)

Fluid mechanics, hydraulics and fluid machines (Record no. 148)

MARC details
000 -LEADER
fixed length control field 00876cam a2200361ua 4500
041 ## - LANGUAGE CODE
Language code of text/sound track or separate title eng
082 ## - DEWEY DECIMAL CLASSIFICATION NUMBER
Classification number 532
Item number RAM/FL
100 ## - MAIN ENTRY--AUTHOR NAME
Personal name Ramamrutham, S .
245 ## - TITLE STATEMENT
Title Fluid mechanics, hydraulics and fluid machines
250 ## - EDITION STATEMENT
Edition statement 3 /
260 ## - PUBLICATION, DISTRIBUTION, ETC. (IMPRINT)
Place of publication New Delhi :
Name of publisher Dhanpat rai & sons ,
Year of publication 1985.
300 ## - PHYSICAL DESCRIPTION
Number of Pages 1192 ; .
650 ## - SUBJECT ADDED ENTRY--TOPICAL TERM
Topical Term Compressible flow
650 ## - SUBJECT ADDED ENTRY--TOPICAL TERM
Topical Term Dynamics of fluid flow
650 ## - SUBJECT ADDED ENTRY--TOPICAL TERM
Topical Term Fluid mechanics
650 ## - SUBJECT ADDED ENTRY--TOPICAL TERM
Topical Term Fluid Statics
650 ## - SUBJECT ADDED ENTRY--TOPICAL TERM
Topical Term Hydraulic Systems
650 ## - SUBJECT ADDED ENTRY--TOPICAL TERM
Topical Term Hydraulic Turbines
650 ## - SUBJECT ADDED ENTRY--TOPICAL TERM
Topical Term Hydrokinematics
650 ## - SUBJECT ADDED ENTRY--TOPICAL TERM
Topical Term Pumps
942 ## - ADDED ENTRY ELEMENTS (KOHA)
Koha item type Books
Holdings
Withdrawn status Lost status Damaged status Home library Current library Date acquired Full call number Accession Number Koha item type
      KAUAET KAUAET 12/02/1986 532 RAM/FL 14857 Books
      KAUAET KAUAET 26/03/1986 532 RAM/FL 15235 Books
      KAUAET KAUAET 26/03/1986 532 RAM/FL 15234 Books
      KAUAET KAUAET 26/03/1986 532 RAM/FL 15238 Books
      KAUAET KAUAET 26/03/1986 532 RAM/FL 15237 Books
    Damaged KAUAET KAUAET 07/04/2012 532 RAM/FL 18779 Books
      KAUAET KAUAET 26/03/1986 532 RAM/FL 15236 Books
      KAUAET KAUAET 27/12/2024 532 RAM/FL 15369 Books
free website counter